[Event "Chess.com RCC Wk14 Swiss"]
[Site "chess.com INT"]
[Date "2022.05.14"]
[Round "1"]
[White "Ponkratov, P."]
[Black "Yang, Kaiqi"]
[Result "1-0"]
[WhiteElo "2624"]
[BlackElo "2481"]
[PlyCount "91"]
[EventDate "2022.05.14"]
[EventType "swiss (rapid)"]
[EventRounds "9"]
[EventCountry "NET"]
[Source "Mark Crowther"]
[SourceDate "2022.05.16"]

1. d4 e6 2. c4 f5 3. Nc3 Nf6 4. g3 d5 5. Bg2 c6 6. Nf3 Bd6 7. O-O O-O 8. Ne5
Nbd7 9. Nd3 Qe7 10. b3 Ne4 11. Bb2 a5 12. e3 b6 13. a4 Ba6 14. Qc2 Rac8 15.
Rfe1 Ndf6 16. Ne5 Rfd8 17. Red1 Bxe5 18. dxe5 Nd7 19. Ne2 dxc4 20. bxc4 Ndc5
21. Nd4 Qc7 22. h4 h6 23. Kh2 g5 24. f3 Nxg3 25. Kxg3 Qxe5+ 26. Kf2 gxh4 27. f4
Qg7 28. Rg1 Qg3+ 29. Ke2 Kf7 30. Bf3 Qh2+ 31. Rg2 Qh3 32. Rag1 Rg8 33. Bh5+ Ke7
34. Rxg8 Rxg8 35. Rxg8 Qh2+ 36. Kf1 Qxc2 37. Nxc2 Bxc4+ 38. Kg1 Nxa4 39. Be5 b5
40. Rg7+ Kd8 41. Nd4 Bd5 42. Bf7 Nc5 43. Bd6 Ne4 44. Bxe6 Nxd6 45. Rd7+ Ke8 46.
Rxd6 1-0

[Event "Chess.com RCC Wk14 Swiss"]
[Site "chess.com INT"]
[Date "2022.05.14"]
[Round "2"]
[White "Yang, Kaiqi"]
[Black "Niemann, Hans Moke"]
[Result "1-0"]
[WhiteElo "2481"]
[BlackElo "2656"]
[PlyCount "73"]
[EventDate "2022.05.14"]
[EventType "swiss (rapid)"]
[EventRounds "9"]
[EventCountry "NET"]
[Source "Mark Crowther"]
[SourceDate "2022.05.16"]

1. d4 Nf6 2. c4 g6 3. Nc3 Bg7 4. e4 d6 5. Be2 O-O 6. Nf3 Bg4 7. Be3 e5 8. d5 a5
9. Nd2 Bxe2 10. Qxe2 Na6 11. O-O Nc5 12. b3 h5 13. f3 Nfd7 14. a3 f5 15. b4 Na6
16. Rab1 axb4 17. axb4 Qf6 18. c5 dxc5 19. bxc5 Naxc5 20. Qc4 b6 21. d6+ Qf7
22. dxc7 Ne6 23. Nb5 Ndc5 24. Ra1 Rac8 25. Ra7 f4 26. Bxc5 bxc5 27. Nd6 Qd7 28.
Nxc8 Rxc8 29. Nb3 Bf8 30. Rc1 Kf7 31. Qd5 Qb5 32. Nd2 Qb2 33. Rb1 Qd4+ 34. Kf1
c4 35. Qxd4 exd4 36. Nxc4 Bc5 37. Rb8 1-0

[Event "Chess.com RCC Wk14 Swiss"]
[Site "chess.com INT"]
[Date "2022.05.14"]
[Round "3"]
[White "Yang, Kaiqi"]
[Black "Bortnyk, Olexandr"]
[Result "0-1"]
[WhiteElo "2481"]
[BlackElo "2604"]
[PlyCount "74"]
[EventDate "2022.05.14"]
[EventType "swiss (rapid)"]
[EventRounds "9"]
[EventCountry "NET"]
[Source "Mark Crowther"]
[SourceDate "2022.05.16"]

1. d4 d6 2. e4 Nf6 3. Nc3 Nbd7 4. Nf3 e5 5. Rg1 g6 6. g4 exd4 7. Nxd4 Nc5 8. f3
Bg7 9. Bg5 c6 10. Qd2 h6 11. Bf4 d5 12. O-O-O dxe4 13. Bc4 Nd5 14. Nxe4 Nxe4
15. fxe4 Nxf4 16. Qxf4 Qf6 17. Qxf6 Bxf6 18. e5 Bg5+ 19. Kb1 Ke7 20. Rgf1 Rf8
21. h3 Bd7 22. Nf3 Bf4 23. Rd4 g5 24. Re4 b5 25. Bb3 c5 26. Bd5 Rad8 27. c4
bxc4 28. Rxc4 Bb5 29. Rxc5 Bxf1 30. Nd4 Bd3+ 31. Ka1 Bxe5 32. Nc6+ Kd6 33. Ra5
Rc8 34. a4 f6 35. Nxa7 Rc5 36. Rxc5 Kxc5 37. Bg2 Rb8 0-1

[Event "Chess.com RCC Wk14 Swiss"]
[Site "chess.com INT"]
[Date "2022.05.14"]
[Round "4"]
[White "Rustemov, A."]
[Black "Yang, Kaiqi"]
[Result "0-1"]
[WhiteElo "2525"]
[BlackElo "2481"]
[PlyCount "72"]
[EventDate "2022.05.14"]
[EventType "swiss (rapid)"]
[EventRounds "9"]
[EventCountry "NET"]
[Source "Mark Crowther"]
[SourceDate "2022.05.16"]

1. d4 Nf6 2. c4 g6 3. Nf3 Bg7 4. g3 O-O 5. Bg2 d6 6. Nc3 c5 7. O-O Nc6 8. dxc5
dxc5 9. Bf4 Nh5 10. Be3 b6 11. Qc1 Be6 12. Rd1 Qc8 13. b3 Bh3 14. Bh6 Bxg2 15.
Kxg2 Qb7 16. Bxg7 Nxg7 17. Nd5 f6 18. Rd3 e6 19. Nf4 g5 20. Nh3 g4 21. Qh6 Ne5
22. Rc3 Rad8 23. Nf4 gxf3+ 24. exf3 Rd4 25. Re1 Qc6 26. Qh3 Rfd8 27. Rce3 Rxf4
28. gxf4 Nd3 29. Qh6 Nxe1+ 30. Rxe1 Rd3 31. Re3 Nf5 32. Qxf6 Nxe3+ 33. fxe3
Rd2+ 34. Kg3 Qd7 35. Kh3 Qf7 36. Qe5 Qf5+ 0-1

[Event "Chess.com RCC Wk14 Swiss"]
[Site "chess.com INT"]
[Date "2022.05.14"]
[Round "6"]
[White "Yang, Kaiqi"]
[Black "Harika, D."]
[Result "1/2-1/2"]
[WhiteElo "2481"]
[BlackElo "2517"]
[PlyCount "73"]
[EventDate "2022.05.14"]
[EventType "swiss (rapid)"]
[EventRounds "9"]
[EventCountry "NET"]
[Source "Mark Crowther"]
[SourceDate "2022.05.16"]

1. d4 Nf6 2. c4 c5 3. d5 b5 4. cxb5 a6 5. bxa6 Bxa6 6. Nc3 g6 7. e4 Bxf1 8.
Kxf1 d6 9. Nf3 Bg7 10. g3 O-O 11. Kg2 Nbd7 12. h3 Qb6 13. Re1 Rfb8 14. Qc2 Ne8
15. Re2 Nc7 16. Bg5 h6 17. Bf4 Nb5 18. Nxb5 Qxb5 19. e5 dxe5 20. Nxe5 Nxe5 21.
Bxe5 Bxe5 22. Rxe5 Qxb2 23. Qxb2 Rxb2 24. Rxe7 Rd2 25. Rd7 Ra3 26. d6 Kg7 27.
h4 h5 28. Rd8 c4 29. Rc8 Rxd6 30. Rxc4 Rd2 31. Rf4 Raxa2 32. Re1 Rd7 33. Re8
Rad2 34. Ra8 R2d4 35. Rxd4 Rxd4 36. Ra6 Rd5 37. Rb6 1/2-1/2

[Event "Chess.com RCC Wk14 Swiss"]
[Site "chess.com INT"]
[Date "2022.05.14"]
[Round "7"]
[White "Vokhidov, Shamsiddin"]
[Black "Yang, Kaiqi"]
[Result "1-0"]
[WhiteElo "2536"]
[BlackElo "2481"]
[PlyCount "125"]
[EventDate "2022.05.14"]
[EventType "swiss (rapid)"]
[EventRounds "9"]
[EventCountry "NET"]
[Source "Mark Crowther"]
[SourceDate "2022.05.16"]

1. e4 e5 2. Nf3 Nc6 3. Bb5 a6 4. Ba4 Nf6 5. O-O Be7 6. d3 b5 7. Bb3 d6 8. a3
O-O 9. Nc3 Be6 10. Nd5 Nd4 11. Nxd4 exd4 12. Nxf6+ Bxf6 13. Bxe6 fxe6 14. a4 c5
15. Bd2 Qb6 16. Qg4 Rae8 17. axb5 axb5 18. f4 Rf7 19. f5 e5 20. Qe2 Ra7 21. g4
h6 22. Qg2 Rea8 23. Rxa7 Rxa7 24. g5 hxg5 25. Bxg5 Qd8 26. Bc1 Qe8 27. Qg4 c4
28. Qe2 Qf7 29. Bd2 Ra2 30. Rb1 d5 31. Bb4 Bg5 32. Kh1 Be3 33. Qf3 dxe4 34.
Qxe4 cxd3 35. cxd3 Qb3 36. f6 Qxb4 37. Qd5+ Kh7 38. fxg7 Kxg7 39. Qxa2 e4 40.
Qa7+ Kh6 41. Qb6+ Kh5 42. Qe6 exd3 43. Qe5+ Kh4 44. Rf1 Qd2 45. Qe4+ Kh5 46.
Qh7+ Bh6 47. Qf7+ Kh4 48. Qf6+ Bg5 49. Qxd4+ Kh5 50. Qe4 Qe3 51. Qh7+ Kg4 52.
Qf5+ Kh5 53. Qf3+ Qxf3+ 54. Rxf3 d2 55. Rd3 Kg4 56. Kg2 Be3 57. b3 b4 58. Kf1
Kf3 59. h4 Ke4 60. Ke2 Bf4 61. Rxd2 Bxd2 62. Kxd2 Kf4 63. Kd3 1-0

[Event "Chess.com RCC Wk14 Swiss"]
[Site "chess.com INT"]
[Date "2022.05.14"]
[Round "8"]
[White "Yang, Kaiqi"]
[Black "Tregubov, P."]
[Result "1/2-1/2"]
[WhiteElo "2481"]
[BlackElo "2541"]
[PlyCount "127"]
[EventDate "2022.05.14"]
[EventType "swiss (rapid)"]
[EventRounds "9"]
[EventCountry "NET"]
[Source "Mark Crowther"]
[SourceDate "2022.05.16"]

1. d4 Nf6 2. c4 e6 3. Bf4 Bb4+ 4. Nd2 d5 5. a3 Be7 6. Ngf3 O-O 7. e3 b6 8. Rc1
Bb7 9. Be2 c5 10. O-O Nc6 11. dxc5 bxc5 12. cxd5 exd5 13. Nb3 Qb6 14. Qc2 Ne4
15. Rfd1 Rfd8 16. Nfd2 c4 17. Nd4 Nxd4 18. exd4 Bd6 19. Bxd6 Nxd6 20. Nf1 Rab8
21. Bf3 Bc6 22. Rd2 Qb3 23. Ne3 Ne8 24. Qxb3 Rxb3 25. Nxc4 dxc4 26. Bxc6 Nd6
27. Bd5 Rdb8 28. Bxc4 Rxb2 29. Rxb2 Rxb2 30. Bf1 Rd2 31. Rc7 Rxd4 32. Rxa7 Kf8
33. g3 Ne4 34. a4 Rd1 35. Kg2 Rd2 36. Bb5 f5 37. a5 Rxf2+ 38. Kg1 Ra2 39. a6
Nc3 40. Rf7+ Kxf7 41. Bc4+ Kf6 42. Bxa2 Nb5 43. Bc4 Na7 44. Kf2 Ke5 45. Ke3 g5
46. Kf3 Kd4 47. Be6 Ke5 48. Bd7 h6 49. h3 Kf6 50. g4 f4 51. Ke4 Ke7 52. Ba4 Kd6
53. Bd1 Kc7 54. Kf5 Nb5 55. Kg6 Nd4 56. Kxh6 f3 57. Bxf3 Nxf3 58. Kg6 Kb6 59.
Kf5 Kxa6 60. h4 gxh4 61. Kf4 Nd4 62. g5 Ne6+ 63. Kg4 Nxg5 64. Kxh4 1/2-1/2

[Event "Titled Tuesday 2022.05.17 Early"]
[Site "chess.com INT"]
[Date "2022.05.17"]
[Round "1"]
[White "Yang, Kaiqi"]
[Black "Schut, Ha"]
[Result "1-0"]
[WhiteElo "2481"]
[BlackElo "2101"]
[PlyCount "66"]
[EventDate "2022.05.17"]
[EventType "swiss (blitz)"]
[EventRounds "11"]
[EventCountry "NET"]
[Source "Mark Crowther"]
[SourceDate "2022.05.23"]

1. d4 Nf6 2. c4 g6 3. h4 d5 4. cxd5 Nxd5 5. e4 Nb6 6. h5 Bg7 7. Nf3 Bg4 8. h6
Bf8 9. Nc3 e5 10. Be3 Nc6 11. Bb5 a6 12. Bxc6+ bxc6 13. dxe5 Qxd1+ 14. Rxd1
Bxf3 15. gxf3 Nc4 16. f4 Nxb2 17. Rb1 Bb4 18. Bd2 Nd3+ 19. Ke2 Nxf4+ 20. Bxf4
Bxc3 21. Rhc1 Ba5 22. Rxc6 O-O 23. Bg5 Rfb8 24. Rxb8+ Rxb8 25. Rxa6 Bb6 26. Bf6
Kf8 27. a4 Ke8 28. a5 Bd4 29. f4 Bc3 30. Kd3 Bb4 31. Kc4 Be7 32. Kd5 Kd7 33.
Bxe7 Ke8 1-0

[Event "Titled Tuesday 2022.05.17 Early"]
[Site "chess.com INT"]
[Date "2022.05.17"]
[Round "5"]
[White "D'Arruda, R."]
[Black "Yang, Kaiqi"]
[Result "1-0"]
[WhiteElo "2271"]
[BlackElo "2481"]
[PlyCount "79"]
[EventDate "2022.05.17"]
[EventType "swiss (blitz)"]
[EventRounds "11"]
[EventCountry "NET"]
[Source "Mark Crowther"]
[SourceDate "2022.05.23"]

1. d4 e6 2. e4 d5 3. Nc3 Bb4 4. Qg4 Nf6 5. Qxg7 Rg8 6. Qh6 dxe4 7. Nge2 Nc6 8.
Bg5 Rg6 9. Qh4 h6 10. Bxh6 Ng4 11. Qxd8+ Nxd8 12. Be3 f5 13. O-O-O Bd7 14. Nf4
Rg7 15. Be2 Bxc3 16. bxc3 Nf7 17. h3 Nxe3 18. fxe3 O-O-O 19. c4 Rh8 20. c5 e5
21. dxe5 Nxe5 22. Rh2 b6 23. cxb6 axb6 24. h4 Kb7 25. h5 Rh6 26. Rhh1 Be8 27.
Rd5 Re7 28. Rhd1 Bf7 29. Rd8 Bxa2 30. Rf8 Rf7 31. Rxf7 Bxf7 32. Rd8 Bc4 33. Bd1
b5 34. Re8 Nd7 35. Re7 Nf6 36. Re5 Kc6 37. Rxf5 Ng4 38. Bxg4 b4 39. Be2 Bg8 40.
g4 1-0

[Event "Titled Tuesday 2022.05.17 Early"]
[Site "chess.com INT"]
[Date "2022.05.17"]
[Round "6"]
[White "Bas Mas, J."]
[Black "Yang, Kaiqi"]
[Result "0-1"]
[WhiteElo "2239"]
[BlackElo "2481"]
[PlyCount "152"]
[EventDate "2022.05.17"]
[EventType "swiss (blitz)"]
[EventRounds "11"]
[EventCountry "NET"]
[Source "Mark Crowther"]
[SourceDate "2022.05.23"]

1. e4 e6 2. d4 d5 3. Bd3 dxe4 4. Bxe4 Nf6 5. Bf3 c5 6. Ne2 Nc6 7. Be3 Nd5 8.
Bxd5 Qxd5 9. Nbc3 Qc4 10. b3 Qa6 11. dxc5 Bd7 12. a4 Be7 13. Nb5 Rc8 14. O-O
Nb4 15. Qd4 Nxc2 16. Qxg7 Rf8 17. Bf4 Bxb5 18. axb5 Qxb5 19. Nd4 Nxd4 20. Qxd4
a6 21. b4 Rg8 22. Bg3 Rd8 23. Qe4 Rg6 24. Rad1 h5 25. Rxd8+ Bxd8 26. Rd1 Qc6
27. Qd4 Bf6 28. Qf4 Kf8 29. Qd6+ Be7 30. Qxc6 bxc6 31. h3 h4 32. Bd6 Rg5 33.
Bxe7+ Kxe7 34. Rd6 a5 35. bxa5 Rxc5 36. Rd4 Rxa5 37. Rxh4 c5 38. Rc4 Kd6 39. h4
Kd5 40. Rc1 c4 41. g4 Kd4 42. h5 c3 43. Rd1+ Ke4 44. Rd7 Rc5 45. Rd1 c2 46. Rc1
Kf3 47. h6 Kxg4 48. h7 Rc8 49. Rxc2 Rh8 50. Kf1 Rxh7 51. Rc3 Kf5 52. Rg3 e5 53.
Rf3+ Ke6 54. Rb3 f5 55. Ke2 f4 56. Ra3 Kf5 57. Ra6 Rc7 58. Ra5 Rc2+ 59. Ke1 Ke4
60. Ra3 Rb2 61. Rc3 Rb4 62. Ra3 Rd4 63. Ke2 Rb4 64. Rc3 Rb2+ 65. Ke1 Kd4 66.
Ra3 e4 67. Ra4+ Ke5 68. Ra3 Kf5 69. Ra5+ Kg4 70. Ra3 e3 71. fxe3 f3 72. e4 Kg3
73. e5 Re2+ 74. Kf1 Rb2 75. Ra1 Rh2 76. Ra3 Rh1# 0-1

[Event "Titled Tuesday 2022.05.17 Early"]
[Site "chess.com INT"]
[Date "2022.05.17"]
[Round "7"]
[White "Yang, Kaiqi"]
[Black "Dixit, Nikhil"]
[Result "0-1"]
[WhiteElo "2481"]
[BlackElo "2331"]
[PlyCount "70"]
[EventDate "2022.05.17"]
[EventType "swiss (blitz)"]
[EventRounds "11"]
[EventCountry "NET"]
[Source "Mark Crowther"]
[SourceDate "2022.05.23"]

1. d4 Nf6 2. c4 g6 3. h4 c5 4. d5 b5 5. cxb5 a6 6. e3 axb5 7. Bxb5 Qa5+ 8. Nc3
Ne4 9. Nge2 Bg7 10. a4 Ba6 11. Bxa6 Nxa6 12. O-O Nxc3 13. Nxc3 O-O 14. e4 Rfb8
15. Ra3 Rb4 16. Re1 Rab8 17. e5 Rd4 18. Qf3 Nb4 19. Re2 Qa8 20. Bg5 Nd3 21. Nb5
Nxe5 22. Rxe5 Bxe5 23. Nxd4 Bxd4 24. Bxe7 Rxb2 25. Kh2 Rxf2 26. Qe4 Rf5 27. a5
Re5 28. Qf3 Rxe7 29. a6 Qb8+ 30. Kh3 Re8 31. a7 Qb7 32. h5 Ra8 33. h6 Rxa7 34.
Qe4 Rxa3+ 35. g3 Ra8 0-1

[Event "Titled Tuesday 2022.05.17 Early"]
[Site "chess.com INT"]
[Date "2022.05.17"]
[Round "8"]
[White "Lamaze, Simon"]
[Black "Yang, Kaiqi"]
[Result "0-1"]
[WhiteElo "2369"]
[BlackElo "2481"]
[PlyCount "196"]
[EventDate "2022.05.17"]
[EventType "swiss (blitz)"]
[EventRounds "11"]
[EventCountry "NET"]
[Source "Mark Crowther"]
[SourceDate "2022.05.23"]

1. d4 Nf6 2. c4 g6 3. Nc3 Bg7 4. e4 d6 5. h3 O-O 6. Be3 c5 7. Nf3 cxd4 8. Nxd4
Nc6 9. Be2 Bd7 10. O-O Rc8 11. Nc2 a6 12. Rc1 Na5 13. b3 b5 14. Qd2 bxc4 15. b4
Nc6 16. f4 Be6 17. a4 a5 18. b5 Nb4 19. f5 Bd7 20. Nd4 Qc7 21. Kh1 Qb7 22. Bf3
Qb8 23. Bh6 Nd3 24. Bxg7 Kxg7 25. Rcd1 Rc5 26. Nde2 Re5 27. Ng3 Qb6 28. Kh2 Qc5
29. Qg5 h6 30. Qd2 g5 31. Nce2 Bc8 32. Nh5+ Nxh5 33. Bxh5 f6 34. Ng3 Bb7 35.
Bf3 Rc8 36. Nh5+ Kf7 37. Ng3 Ke8 38. Qe2 Kd7 39. Rd2 Kc7 40. Rc2 Kb6 41. Qd2
Qd4 42. Rc3 Rec5 43. Rfc1 Qe5 44. R1c2 h5 45. Bxh5 Bxe4 46. Bg4 Bb7 47. Qd1
R8c7 48. Qg1 Nf4 49. Rxc4 Nd3 50. Rxc5 Rxc5 51. Rd2 Qc3 52. Re2 Ne5 53. Qf2 Qc4
54. Re3 Qxg4 55. hxg4 Nxg4+ 56. Kg1 Nxf2 57. Kxf2 Re5 58. Rc3 Bd5 59. Rc8 e6
60. fxe6 Bxe6 61. Rb8+ Kc7 62. Rf8 f5 63. Ra8 Kb6 64. Ra6+ Kb7 65. Rxa5 f4 66.
Nf1 Bc4 67. Nh2 Re2+ 68. Kg1 d5 69. Ra6 d4 70. Rd6 d3 71. Nf3 Ra2 72. Nxg5 d2
73. Kh2 Bb3 74. Nh3 d1=Q 75. Rxd1 Bxd1 76. Nxf4 Rxa4 77. Kg3 Rb4 78. Nd5 Rxb5
79. Ne3 Bb3 80. Kf4 Kc7 81. g4 Kd8 82. Nf5 Rb4+ 83. Kg5 Bd1 84. Nh6 Ke7 85. Kg6
Bxg4 86. Kg5 Bd1 87. Nf5+ Kf7 88. Nd6+ Kg7 89. Nf5+ Kh7 90. Ne3 Bb3 91. Kf6 Ra4
92. Kg5 Ba2 93. Kf6 Bb1 94. Kg5 Ra5+ 95. Kf6 Ra3 96. Ng4 Rf3+ 97. Kg5 Rf1 98.
Ne5 Rf5+ 0-1

[Event "Titled Tuesday 2022.05.17 Early"]
[Site "chess.com INT"]
[Date "2022.05.17"]
[Round "9"]
[White "Yang, Kaiqi"]
[Black "Tymrakiewicz, R."]
[Result "1-0"]
[WhiteElo "2481"]
[BlackElo "2205"]
[PlyCount "63"]
[EventDate "2022.05.17"]
[EventType "swiss (blitz)"]
[EventRounds "11"]
[EventCountry "NET"]
[Source "Mark Crowther"]
[SourceDate "2022.05.23"]

1. d4 Nf6 2. c4 g6 3. h4 Bg7 4. Nc3 h5 5. e4 c5 6. d5 Qa5 7. Bd2 d6 8. Qc2 Na6
9. a3 Qd8 10. Nf3 Nc7 11. Bd3 Ng4 12. Ng5 Bd7 13. O-O Rb8 14. a4 b6 15. Rae1 a6
16. e5 Nxe5 17. Rxe5 dxe5 18. Bxg6 Bg4 19. Nxf7 Qd7 20. Nxe5+ Kd8 21. Nxd7 Bxd7
22. Bg5 Bf8 23. d6 Ne6 24. dxe7+ Bxe7 25. Bxe7+ Kxe7 26. Nd5+ Kd8 27. Qf5 Rf8
28. Qe5 Rb7 29. Qd6 Rg8 30. Bf5 Re8 31. Re1 Kc8 32. Bxe6 1-0

[Event "Titled Tuesday 2022.05.17 Early"]
[Site "chess.com INT"]
[Date "2022.05.17"]
[Round "10"]
[White "Eggleston, T."]
[Black "Yang, Kaiqi"]
[Result "0-1"]
[WhiteElo "2203"]
[BlackElo "2481"]
[PlyCount "50"]
[EventDate "2022.05.17"]
[EventType "swiss (blitz)"]
[EventRounds "11"]
[EventCountry "NET"]
[Source "Mark Crowther"]
[SourceDate "2022.05.23"]

1. e4 e6 2. d4 d5 3. e5 c5 4. c3 Nc6 5. Nf3 Nge7 6. Bd3 cxd4 7. cxd4 Nf5 8. Be3
Qb6 9. Qd2 Bd7 10. Nc3 Nfxd4 11. Nxd4 Nxd4 12. O-O Bc5 13. b4 Qxb4 14. Rab1 Qa5
15. Rxb7 Bc6 16. Rb5 Bxb5 17. Bxd4 Bxd3 18. Qxd3 Bxd4 19. Qxd4 O-O 20. Ne2 Rac8
21. Qg4 Rc4 22. f4 Qb6+ 23. Kh1 Qe3 24. Ng3 Rc1 25. Rd1 Qe1+ 0-1

[Event "Chess.com RCC Wk15 Swiss"]
[Site "chess.com INT"]
[Date "2022.05.21"]
[Round "1"]
[White "Yang, Kaiqi"]
[Black "Xu, Yi"]
[Result "1/2-1/2"]
[WhiteElo "2481"]
[BlackElo "2507"]
[PlyCount "100"]
[EventDate "2022.05.21"]
[EventType "swiss (rapid)"]
[EventRounds "9"]
[EventCountry "NET"]
[Source "Mark Crowther"]
[SourceDate "2022.05.23"]

1. e4 c5 2. Nc3 d6 3. d4 cxd4 4. Qxd4 Nc6 5. Qd2 g6 6. b3 Bh6 7. f4 f5 8. exf5
Bxf5 9. Bb2 Nf6 10. g3 Qa5 11. Bd3 O-O-O 12. Nge2 e5 13. Bxf5+ gxf5 14. O-O-O
d5 15. Qd3 Ne4 16. Rhf1 Nb4 17. Qf3 Nxa2+ 18. Nxa2 Qxa2 19. Qh5 Bg7 20. Qxf5+
Kb8 21. Qf7 Rhg8 22. Rxd5 Rc8 23. Rf3 exf4 24. Nc3 Nxc3 25. Rxc3 Bxc3 26. Bxc3
fxg3 27. Rd7 Qa6 28. hxg3 Qc6 29. Be5+ Ka8 30. c4 Rgf8 31. Qxh7 Rf1+ 32. Kb2
Rf2+ 33. Kc3 Rf3+ 34. Kb2 Qb6 35. Bc3 Rf2+ 36. Rd2 Rcf8 37. Qd7 a6 38. Rxf2
Rxf2+ 39. Ka3 Rf8 40. Bb4 Rd8 41. Qe7 Qd4 42. Bc5 Qa1+ 43. Kb4 Rb8 44. g4 Qb2
45. Qd6 Qe2 46. Qb6 Qe1+ 47. Ka4 Qa1+ 48. Kb4 Qe1+ 49. Ka4 Qa1+ 50. Kb4 Qe1+
1/2-1/2

[Event "Chess.com RCC Wk15 Swiss"]
[Site "chess.com INT"]
[Date "2022.05.21"]
[Round "2"]
[White "Xiong, Jeffery"]
[Black "Yang, Kaiqi"]
[Result "1-0"]
[WhiteElo "2688"]
[BlackElo "2481"]
[PlyCount "95"]
[EventDate "2022.05.21"]
[EventType "swiss (rapid)"]
[EventRounds "9"]
[EventCountry "NET"]
[Source "Mark Crowther"]
[SourceDate "2022.05.23"]

1. e4 e6 2. d4 d5 3. exd5 exd5 4. Nf3 Nf6 5. Bd3 c5 6. O-O c4 7. Re1+ Be7 8.
Bf1 O-O 9. b3 cxb3 10. axb3 Nc6 11. c3 Bg4 12. Bd3 a5 13. Bg5 Re8 14. Nbd2 Qc7
15. Qc2 h6 16. Bh4 Rac8 17. h3 Bxf3 18. Nxf3 g5 19. Bg3 Bd6 20. Bxd6 Qxd6 21.
Rxe8+ Rxe8 22. Nh2 Kg7 23. Nf1 Ne4 24. Ne3 Kf8 25. Bxe4 Rxe4 26. Qd1 b6 27. Qd3
Ne7 28. c4 f5 29. cxd5 Nxd5 30. Nxf5 Qf4 31. Nxh6 Rxd4 32. Qh7 Rd2 33. Qg8+ Ke7
34. Re1+ Kd6 35. Ng4 Kc5 36. Rc1+ Kb5 37. Qe8+ Ka6 38. Qa8+ Kb5 39. Qb7 Nc3 40.
Re1 Rd1 41. Rxd1 Nxd1 42. Qd7+ Kb4 43. Qxd1 b5 44. Ne3 Ka3 45. Qa1+ Kxb3 46.
Qb1+ Ka4 47. Qa2+ Kb4 48. Nd5+ 1-0

[Event "Chess.com RCC Wk15 Swiss"]
[Site "chess.com INT"]
[Date "2022.05.21"]
[Round "3"]
[White "Rakhmanov, Ale"]
[Black "Yang, Kaiqi"]
[Result "1/2-1/2"]
[WhiteElo "2640"]
[BlackElo "2481"]
[PlyCount "108"]
[EventDate "2022.05.21"]
[EventType "swiss (rapid)"]
[EventRounds "9"]
[EventCountry "NET"]
[Source "Mark Crowther"]
[SourceDate "2022.05.23"]

1. d4 Nf6 2. c4 g6 3. Nc3 Bg7 4. e4 d6 5. h3 O-O 6. Be3 b6 7. g4 c5 8. Nge2
cxd4 9. Nxd4 Bb7 10. Bg2 Qc8 11. b3 Nc6 12. O-O Nxd4 13. Bxd4 Nd7 14. Nd5 Re8
15. Rc1 Bxd4 16. Qxd4 e5 17. Qd2 Qd8 18. Nc3 Nc5 19. Rcd1 Ne6 20. Qxd6 Qg5 21.
Qd2 Nf4 22. Ne2 Rad8 23. Qe3 h5 24. Rxd8 Rxd8 25. Nxf4 exf4 26. Qe2 hxg4 27.
hxg4 Qe5 28. Rd1 Rxd1+ 29. Qxd1 Bxe4 30. Qe1 f5 31. gxf5 gxf5 32. f3 Qd4+ 33.
Kh2 Bd3 34. Qe8+ Kg7 35. Qe7+ Kg6 36. Qxa7 Qf2 37. Qe7 Bf1 38. Qe6+ Kg5 39.
Qg8+ Kf6 40. a4 Bxg2 41. Qxg2 Qh4+ 42. Kg1 Qe1+ 43. Kh2 Qh4+ 44. Qh3 Qf2+ 45.
Kh1 Qe1+ 46. Kg2 Qe2+ 47. Kg1 Qe1+ 48. Qf1 Qg3+ 49. Kh1 Qh4+ 50. Kg2 Qg3+ 51.
Kh1 Qh4+ 52. Kg1 Qg3+ 53. Qg2 Qe1+ 54. Kh2 Qh4+ 1/2-1/2

[Event "Chess.com RCC Wk15 Swiss"]
[Site "chess.com INT"]
[Date "2022.05.21"]
[Round "4"]
[White "Yang, Kaiqi"]
[Black "Demchenko, A."]
[Result "0-1"]
[WhiteElo "2481"]
[BlackElo "2654"]
[PlyCount "36"]
[EventDate "2022.05.21"]
[EventType "swiss (rapid)"]
[EventRounds "9"]
[EventCountry "NET"]
[Source "Mark Crowther"]
[SourceDate "2022.05.23"]

1. d4 Nf6 2. c4 g6 3. h4 Bg7 4. Nc3 d6 5. e4 O-O 6. Be2 c5 7. d5 b5 8. cxb5 a6
9. a4 axb5 10. Bxb5 Ba6 11. Bxa6 Nxa6 12. Nge2 Qd7 13. O-O Rfb8 14. Qc2 Rb4 15.
Bd2 Qg4 16. g3 Qf3 17. Rfe1 Ng4 18. Rf1 Rab8 0-1

[Event "Chess.com RCC Wk15 Swiss"]
[Site "chess.com INT"]
[Date "2022.05.21"]
[Round "6"]
[White "Yang, Kaiqi"]
[Black "Gabrielian, A."]
[Result "1/2-1/2"]
[WhiteElo "2481"]
[BlackElo "2480"]
[PlyCount "122"]
[EventDate "2022.05.21"]
[EventType "swiss (rapid)"]
[EventRounds "9"]
[EventCountry "NET"]
[Source "Mark Crowther"]
[SourceDate "2022.05.23"]

1. d4 Nf6 2. c4 c5 3. d5 e6 4. Nc3 exd5 5. cxd5 d6 6. e4 g6 7. f4 Bg7 8. Bb5+
Nfd7 9. a4 Na6 10. Nf3 Nb4 11. O-O a6 12. Bxd7+ Bxd7 13. f5 O-O 14. Bg5 f6 15.
Bf4 Qe7 16. Qd2 gxf5 17. Rae1 Rfe8 18. exf5 Qf7 19. Bxd6 Bxf5 20. Bxc5 Nd3 21.
Rxe8+ Rxe8 22. Bd4 Qh5 23. d6 Bh6 24. Qd1 Nf4 25. Re1 Rxe1+ 26. Qxe1 Qg4 27.
Qg3 Kf7 28. Qxg4 Bxg4 29. Kf2 Bf5 30. Nh4 Bd7 31. Ne4 Bc6 32. Nc5 Ne6 33. Nf5
Bf8 34. d7 Bxc5 35. Bxc5 Bxd7 36. Nd6+ Kg6 37. b4 Bxa4 38. Nxb7 Bc6 39. Nd6 a5
40. Nc4 Nxc5 41. bxc5 a4 42. g3 Kf5 43. Ke3 Bd5 44. Na3 Ke5 45. Kd3 f5 46. Kc3
Ke4 47. Nb5 Kf3 48. Nd6 Kg4 49. Ne8 Kh3 50. Nf6 Bc6 51. Nxh7 Kxh2 52. Nf8 Kxg3
53. Ng6 Kf2 54. Kb4 Ke3 55. Ne7 Be8 56. Nxf5+ Kf4 57. Nd6 Bc6 58. Nc4 Ke4 59.
Na5 Kd5 60. Nxc6 Kxc6 61. Kxa4 Kxc5 1/2-1/2

[Event "Chess.com RCC Wk15 Swiss"]
[Site "chess.com INT"]
[Date "2022.05.21"]
[Round "7"]
[White "Sychev, K."]
[Black "Yang, Kaiqi"]
[Result "1-0"]
[WhiteElo "2537"]
[BlackElo "2481"]
[PlyCount "77"]
[EventDate "2022.05.21"]
[EventType "swiss (rapid)"]
[EventRounds "9"]
[EventCountry "NET"]
[Source "Mark Crowther"]
[SourceDate "2022.05.23"]

1. e4 c5 2. g3 Nc6 3. Bg2 g6 4. Ne2 Bg7 5. O-O d6 6. c3 e5 7. b4 Nge7 8. b5 Na5
9. d4 exd4 10. cxd4 O-O 11. Nbc3 Bg4 12. h3 cxd4 13. hxg4 dxc3 14. Bf4 Nc4 15.
Rc1 Qa5 16. Nxc3 Bxc3 17. Qd3 Be5 18. Rxc4 Qxb5 19. Rb1 Qa6 20. Qb3 Nc6 21. Ra4
Nd4 22. Rxa6 Nxb3 23. Rxd6 Bxd6 24. Bxd6 Rfd8 25. e5 Nd2 26. Rb4 Rac8 27. Bd5
b6 28. Kg2 Rd7 29. g5 Kg7 30. a4 Rc1 31. a5 Rb1 32. Rd4 Nb3 33. Rb4 Nd2 34. Rf4
bxa5 35. e6 fxe6 36. Be5+ Kg8 37. Bxe6+ Rf7 38. Bxf7+ Kf8 39. Ba2+ 1-0

[Event "Chess.com RCC Wk15 Swiss"]
[Site "chess.com INT"]
[Date "2022.05.21"]
[Round "8"]
[White "Yang, Kaiqi"]
[Black "Potkin, V."]
[Result "1-0"]
[WhiteElo "2481"]
[BlackElo "2571"]
[PlyCount "35"]
[EventDate "2022.05.21"]
[EventType "swiss (rapid)"]
[EventRounds "9"]
[EventCountry "NET"]
[Source "Mark Crowther"]
[SourceDate "2022.05.23"]

1. d4 Nf6 2. c4 e6 3. Bf4 b6 4. a3 Bb7 5. Nc3 d5 6. cxd5 Nxd5 7. Nxd5 Qxd5 8.
Nf3 c5 9. e3 Nd7 10. Rc1 Be7 11. Bc4 Qf5 12. Bb5 O-O-O 13. Qa4 e5 14. Nxe5 Nxe5
15. Bxe5 Bf6 16. dxc5 Rd1+ 17. Rxd1 Qxe5 18. c6 1-0